000 00289nam a22001337a 4500
082 _a894.812
_bPAU/F
100 _aVARGHESE PAUL
245 _a1001 PHALITHA BINDUKKAL
250 _aFIRST
260 _aW. CHALAKUDY
_bAKSHAYA
_c2010
300 _a96
650 _aCOMICS
_zKERALA
942 _cBK
999 _c1135
_d1135